La religión de la música

Guardat en:
Dades bibliogràfiques
Autor principal: Mauclair, Camille (autor)
Format: Llibre
Idioma:espanyol
Publicat: Barcelona Juventud 1920
Matèries:
Etiquetes: Afegir etiqueta
Sense etiquetes, Sigues el primer a etiquetar aquest registre!

MARC

LEADER 00000nam a2200000 a 4500
001 UCW2300
003 CL-VaPUC
005 20231207110529.0
008 881206e19200000SP |||||||||||||||||spa|d
999 |c 216860  |d 216858 
040 |c Pontificia Universidad Católica de Valparaíso 
082 0 4 |a 780.1  |b MAU  |2 21 
100 |a Mauclair, Camille  |e autor  |9 573123 
245 1 3 |a La religión de la música 
260 |a Barcelona  |b Juventud  |c 1920 
300 |a 200 p 
583 |a last modification  |c 19881206 00:00:00  |k Rodrigo Vera 
650 0 |a Historia de la música  |9 306741 
942 |c BK  |2 ddc 
945 |d 19881206 00:00:00